[Event "C.to Regionale Sicilia"]
[Site "Marsala ITA"]
[Date "2011.06.05"]
[Round "7"]
[White "Piazza, Francesco"]
[Black "Montalto, Antonio"]
[Result "1/2-1/2"]
[WhiteElo "1551"]
[BlackElo "1781"]
[PlyCount "99"]
[EventDate "2011.06.01"]

1. d4 e6 2. Nf3 Nf6 3. e3 d5 4. Bd3 c5 5. c4 cxd4 6. exd4 dxc4 7. Bxc4 Bd6 8.
Nc3 a6 9. a3 b5 10. Bd3 Bb7 11. Qe2 O-O 12. O-O Nbd7 13. Ne4 Nxe4 14. Bxe4 Bxe4
15. Qxe4 Nf6 16. Qh4 Rc8 17. Bg5 Rc4 18. Rac1 h6 19. Bxf6 Qxf6 20. Qxf6 gxf6
21. Rxc4 bxc4 22. Rc1 Rb8 23. g3 Rxb2 24. Rxc4 Bxa3 25. Ra4 Rb3 26. Kg2 Bb2 27.
Rxa6 Rb4 28. Rd6 Kg7 29. Rd8 Rb5 30. Ng1 Bc1 31. Nf3 Rb2 32. Ng1 Be3 33. Nh3
Rd2 34. Kf1 Bxd4 35. Ke1 Ra2 36. Rxd4 Ra1+ 37. Rd1 Ra3 38. Ke2 e5 39. f4 Kg6
40. fxe5 fxe5 41. Nf2 h5 42. Rd3 Ra4 43. Kf3 f5 44. Re3 Kf6 45. h4 f4 46. gxf4
Rxf4+ 47. Kg3 Ra4 48. Ne4+ Kf5 49. Kf3 Rb4 50. Ng3+ 1/2-1/2

[Event "C.to Regionale Sicilia"]
[Site "Marsala ITA"]
[Date "2011.06.05"]
[Round "7"]
[White "Sardo, Riccardo"]
[Black "Ferrante, Filippo"]
[Result "1-0"]
[WhiteElo "1512"]
[BlackElo "1606"]
[PlyCount "107"]
[EventDate "2011.06.01"]

1. d4 e6 2. Bf4 Nf6 3. e3 c5 4. c3 Nc6 5. Nf3 d5 6. Ne5 Be7 7. Nd2 cxd4 8. exd4
Bd7 9. Bd3 Qb6 10. Qc2 Nxe5 11. Bxe5 O-O-O 12. O-O Bd6 13. Nf3 Bxe5 14. Nxe5
Rdf8 15. Rfd1 h5 16. Be2 Bb5 17. Bxb5 Qxb5 18. a4 Qe8 19. b4 Nd7 20. c4 Kb8 21.
Nf3 Nb6 22. c5 Nc4 23. Nd2 Nxd2 24. Qxd2 Qd7 25. b5 Rc8 26. a5 f6 27. a6 b6 28.
cxb6 axb6 29. Rdc1 Rxc1+ 30. Rxc1 e5 31. Rc6 Qd8 32. Qb4 Re8 33. g3 Re7 34.
Rxb6+ Qxb6 35. Qxe7 Qxb5 36. a7+ Ka8 37. Qxg7 Qb7 38. Qxf6 Qb1+ 39. Kg2 Qe4+
40. Qf3 Qxd4 41. Qxh5 Kxa7 42. Qg6 Qc5 43. Qg7+ Kb6 44. Qxe5 d4 45. Qe6+ Kb5
46. Qb3+ Kc6 47. Qd3 Qc3 48. Qe4+ Kc5 49. f4 d3 50. Kf2 Qd4+ 51. Qe3 Kc4 52.
Qxd4+ Kxd4 53. Ke1 Kc3 54. Kd1 1-0

[Event "C.to Regionale Sicilia"]
[Site "Marsala ITA"]
[Date "2011.06.05"]
[Round "7"]
[White "Savalla, Gianluca"]
[Black "Schembri, Roberto"]
[Result "0-1"]
[WhiteElo "1563"]
[BlackElo "1527"]
[PlyCount "74"]
[EventDate "2011.06.01"]

1. d4 d6 2. Nf3 c6 3. e3 Nd7 4. Bd3 e5 5. Nbd2 Ngf6 6. c3 Qc7 7. O-O Be7 8. Bb1
O-O 9. Qc2 d5 10. dxe5 Nxe5 11. Nxe5 Qxe5 12. Nf3 Qh5 13. h3 Bd6 14. Qd1 Re8
15. Re1 Ne4 16. c4 Bxh3 17. gxh3 Qxh3 18. cxd5 cxd5 19. Qxd5 Rad8 20. Qxb7 Re6
21. Bxe4 Qg4+ 22. Kf1 Rxe4 23. Nd2 Re7 24. Qf3 Qd7 25. a3 Rc8 26. Qg2 Qb5+ 27.
Kg1 Re6 28. Nf1 h5 29. Qh3 Rc4 30. f4 Bxf4 31. Kf2 Bg5 32. Bd2 Rf6+ 33. Kg1
Rg4+ 34. Ng3 Qe5 35. Kg2 Qe4+ 36. Kg1 Rf3 37. Qh1 37... Rfxg3+ {...} 0-1

[Event "C.to Regionale Sicilia"]
[Site "Marsala ITA"]
[Date "2011.06.05"]
[Round "7"]
[White "Valguarnera, Girolamo"]
[Black "Bentivegna, Francesco"]
[Result "1/2-1/2"]
[WhiteElo "2151"]
[BlackElo "2317"]
[PlyCount "77"]
[EventDate "2011.06.01"]

1. Nf3 d5 2. b3 Bg4 3. Bb2 Nd7 4. e3 Ngf6 5. Be2 c6 6. O-O e6 7. Ne5 Bxe2 8.
Qxe2 Nxe5 9. Bxe5 Bd6 10. f4 Bxe5 11. fxe5 Nd7 12. d4 O-O 13. Qg4 Qe7 14. Nd2
f6 15. Qh4 Rae8 16. exf6 Rxf6 17. Rxf6 Qxf6 18. Qxf6 Nxf6 19. Nf3 Nd7 20. Re1
e5 21. Kf2 e4 22. Nd2 Kf7 23. Ke2 Ke6 24. c4 Rf8 25. c5 b6 26. b4 bxc5 27. bxc5
Rb8 28. Rb1 Rxb1 29. Nxb1 Nf6 30. Nd2 g5 31. Nf1 h5 32. Kd2 h4 33. Kc3 Kd7 34.
Kb4 Kc7 35. a3 Ng4 36. h3 Nf2 37. Nh2 Kb7 38. Ng4 Nxg4 39. hxg4 1/2-1/2